| 000 | 01790nam a2200253Ia 4500 | ||
|---|---|---|---|
| 003 | Ost | ||
| 005 | 20260507075610.0 | ||
| 008 | 260507s9999||||xx |||||||||||||| ||und|| | ||
| 020 | _a9789961015285 | ||
| 040 | _cfsecg | ||
| 041 | _aara | ||
| 082 | _a332.4 | ||
| 100 |
_aخليل، عبد القادر _eمؤلف |
||
| 245 | 0 |
_aمبادئ الاقتصاد النقدي والمصرفي : _bمفاهيم أولية وتطبيقات حول النقود والنظريات النقدية / _c عبد القادر خليل |
|
| 250 | _aطبعة 2 | ||
| 260 |
_aالجزائر: _bديوان المطبوعات الجامعية, _c2014 |
||
| 300 |
_a374 صفحة؛ _bإيضاحات ؛ _c22 سم |
||
| 504 | _aالمراجع ص.359 الجداول ص.371 الأشكال ص.373 | ||
| 520 | _aتناول الجزء الأول من كتاب "مبادئ الاقتصاد النقدي والمصرفي " عرض مفاهيم أولية وتطبيقات حول النقود والنظام النقدي، حيث تم تغطيته عبر تسعة فصول مع فصل تمهيدي، استعرض فيها كل ما يتعلق بنشأة النقود وتطورها ومبررات استخدامها وخصائصها، وكذا أشكالها المعاصرة ووضائفها ، كما درس الكتلة النقدية ومقابلاتها، مع التطرق للنظام النقدي الوطني والدولي، ثم بعد استعراض أهم النظريات النقدية (الكلاسيكية، الكينزية المعاصرة) وذلك بعد التطرق لبعض المفاهيم المرتبطة بقيمة النقود والنظرية النقدية. | ||
| 653 | _aالإقتصاد النقدي | ||
| 653 | _aالبنوك | ||
| 653 | _aالنقود | ||
| 942 | _cكتاب | ||
| 999 |
_c45064 _d45064 |
||